[Event "Chinese Chess League 2019"]
[Site "Shen Yang"]
[Date "2019.12.06"]
[Round "21.17"]
[White "Xiang, Zeyu"]
[Black "Wang, Hao"]
[Result "0-1"]
[WhiteElo "2448"]
[BlackElo "2752"]
[Annotator "TA"]
[PlyCount "90"]
[EventDate "2019.04.09"]
[EventType "team-tourn"]
[EventCountry "CHN"]
[SourceTitle "playchess.com"]
[Source "ChessBase"]
[SourceQuality "1"]

{[%evp 18,90,37,35,36,0,12,21,19,0,8,7,20,8,34,23,63,22,73,52,45,47,47,46,46,45,51,35,47,26,27,7,38,0,0,0,0,0,0,0,0,0,0,0,0,0,0,0,0,0,0,0,0,0,0,0,-20,-364,-368,-522,-612,-426,-508,-757,-708,-687,-632,-1270,-1300,-2258,-2311,-7119,-7075,-6976,-6738]} 1. d4 Nf6 2. c4 g6 3. Nc3 Bg7 4. e4 d6 5. Nf3 O-O 6. Be2 c5 7. d5 e6 8. O-O exd5 9. exd5 Re8 10. Re1 Bf5 {E91: King's Indian: Classical: 6 Be2, unusual replies including 6...c5 and 6...Bg4} 11. Bd3 {Strongly threatening Bxf5.} (11. Nd2 Nbd7 12. Nf1 Ne5 13. Ne3 Qd7 14. f3 h5 15. Nb5 Rad8 16. Nxa7 h4 17. Nb5 Nh5 18. Nf1 {0-1 (38) Jogstad,M (2261)-Vorobiov,E (2569) Lund 2017}) 11... Bg4 12. Rxe8+ Nxe8 {The position is equal.} 13. Bd2 $146 ({Predecessor:} 13. h3 Bxf3 14. Qxf3 Nd7 15. Bf1 Ne5 16. Qd1 Qh4 17. Qb3 b6 18. a4 Nf6 {½-½ (34) Solano Cuya,B (2246)-Lotero,F (2092) Medellin 2017}) 13... Nd7 14. h3 Bxf3 $1 15. Qxf3 Ne5 16. Qe2 a6 17. Re1 Nc7 (17... Qh4 $11) 18. a4 Nxd3 19. Qxd3 Qd7 20. b3 Re8 21. Rxe8+ Nxe8 22. Ne2 Nf6 23. Bc3 Qe7 24. f3 h5 25. Kf2 h4 26. Qe3 Qd8 27. Qd2 Nh5 28. Bxg7 Nxg7 29. Nc3 Nf5 30. Ne4 b5 31. cxb5 Qb6 32. Qc3 {[#] Threatens to win with Nf6+.} c4+ $1 33. Ke2 cxb3 34. Nf6+ Kg7 {Hoping for ...Qd4!} 35. Ne4+ Kf8 36. Kd2 $1 axb5 37. Qxb3 $2 {[%mdl 8192]} (37. a5 $1 $11 {and White stays safe.} Qg1 38. Qc8+ Kg7 39. Qc3+ Kg8 40. Nf6+ Kh8 41. Ne4+ Kg8 42. Nf6+ Kg7 43. Ne4+ Kg8) 37... Qd4+ $19 38. Qd3 (38. Kc1 $142 Qa1+ 39. Kd2) 38... Qxd3+ {Black is clearly winning.} 39. Kxd3 {[#] Black must now prevent a5.} bxa4 {[%mdl 4096] Endgame KN-KN} 40. Kc4 Ne3+ 41. Kb4 Nxg2 42. Nxd6 Nf4 43. Kxa4 Nxh3 44. Kb5 Ng5 45. Kc6 h3 {Accuracy: White = 39%, Black = 71%.} 0-1

[Event "Chinese Chess League 2019"]
[Site "Shen Yang"]
[Date "2019.12.06"]
[Round "21.18"]
[White "Zou, Chen"]
[Black "Xu, Yinglun"]
[Result "1/2-1/2"]
[WhiteElo "2462"]
[BlackElo "2554"]
[Annotator "ChessBase"]
[PlyCount "100"]
[EventDate "2019.04.09"]
[EventType "team-tourn"]
[EventCountry "CHN"]
[SourceTitle "playchess.com"]
[Source "ChessBase"]
[SourceQuality "1"]
[TimeControl "5400+30"]

1. e4 {[%emt 0:00:00]} e6 {[%emt 0:00:00]} 2. d4 {[%emt 0:00:00]} d5 {[%emt 0:00:00]} 3. Nc3 {[%emt 0:00:00]} Nf6 {[%emt 0:00:00]} 4. e5 {[%emt 0:00:00]} Nfd7 {[%emt 0:00:00]} 5. f4 {[%emt 0:00:17]} c5 {[%emt 0:00:00]} 6. Nf3 {[%emt 0:00:07]} Nc6 {[%emt 0:00:02]} 7. Be3 {[%emt 0:00:06]} a6 {[%emt 0:00:05]} 8. Qd2 {[%emt 0:00:40]} b5 {[%emt 0:00:10]} 9. Bd3 {[%emt 0:00:39]} Qb6 {[%emt 0:00:40]} 10. Qf2 {[%emt 0:01:56]} cxd4 {[%emt 0:00:12]} 11. Nxd4 {[%emt 0:00:16]} Bc5 {[%emt 0:00:06]} 12. Nce2 {[%emt 0:00:11]} b4 {[%emt 0:00:06]} 13. O-O {[%emt 0:01:10]} a5 {[%emt 0:01:34]} 14. Bb5 {[%emt 0:05:20]} Nxd4 {[%emt 0:12:48]} 15. Bxd7+ {[%emt 0:02:53]} Bxd7 {[%emt 0:00:06]} 16. Bxd4 {[%emt 0:00:03]} Rc8 {[%emt 0:01:38]} 17. Bxc5 {[%emt 0:05:36]} Rxc5 {[%emt 0:00:35]} 18. Nd4 {[%emt 0:04:39]} Rc4 {[%emt 0:01:26]} 19. Rad1 {[%emt 0:01:58]} O-O {[%emt 0:01:33]} 20. Qe3 {[%emt 0:03:23]} a4 {[%emt 0:03:01]} 21. g4 {[%emt 0:03:17]} f6 {[%emt 0:03:17]} 22. Rf2 {[%emt 0:13:29]} fxe5 {[%emt 0:05:42]} 23. Qxe5 {[%emt 0:04:46]} Qc7 {[%emt 0:01:01]} 24. b3 {[%emt 0:06:14]} Qxe5 {[%emt 0:01:10]} 25. fxe5 {[%emt 0:00:09]} Rcc8 {[%emt 0:00:11]} 26. Rdf1 {[%emt 0:08:21]} Rxf2 {[%emt 0:07:20]} 27. Rxf2 {[%emt 0:03:39]} h6 {[%emt 0:00:04]} 28. Kf1 {[%emt 0:00:45]} axb3 {[%emt 0:01:02]} 29. axb3 {[%emt 0:01:33]} Be8 {[%emt 0:08:48]} 30. Nxe6 {[%emt 0:06:10]} Bd7 {[%emt 0:00:22]} 31. Nf4 {[%emt 0:07:41]} Bxg4 {[%emt 0:00:42]} 32. Nxd5 {[%emt 0:00:49]} Re8 {[%emt 0:05:06]} 33. Nxb4 {[%emt 0:00:03]} Rxe5 {[%emt 0:00:25]} 34. Rd2 {[%emt 0:01:10]} Kf7 {[%emt 0:03:20]} 35. Nd3 {[%emt 0:01:21]} Re3 {[%emt 0:04:22]} 36. c4 {[%emt 0:04:06]} Bf5 {[%emt 0:06:57]} 37. Nc5 {[%emt 0:00:03]} Kf6 {[%emt 0:03:28]} 38. Re2 {[%emt 0:03:43]} Re5 {[%emt 0:13:07]} 39. b4 {[%emt 0:00:45]} Rxc5 {[%emt 0:01:00]} 40. bxc5 {[%emt 0:00:05]} Bd3 {[%emt 0:00:01]} 41. Kf2 {[%emt 0:09:42]} Bxe2 {[%emt 0:00:09]} 42. Kxe2 {[%emt 0:00:02]} Ke6 {[%emt 0:00:06]} 43. h3 {[%emt 0:03:19]} g5 {[%emt 0:00:24]} 44. Kf3 {[%emt 0:00:25]} h5 {[%emt 0:00:03]} 45. Ke4 {[%emt 0:00:15]} Kd7 {[%emt 0:00:16]} 46. Kf5 {[%emt 0:00:12]} g4 {[%emt 0:00:04]} 47. hxg4 {[%emt 0:00:02]} hxg4 {[%emt 0:00:04]} 48. Kxg4 {[%emt 0:00:03]} Kc6 {[%emt 0:00:02]} 49. Kg3 {[%emt 0:00:05]} Kxc5 {[%emt 0:00:03]} 50. Kg2 {[%emt 0:00:03]} Kxc4 {[%emt 0:00:02]} 1/2-1/2

[Event "Chinese Chess League 2019"]
[Site "Shen Yang"]
[Date "2019.12.06"]
[Round "21.19"]
[White "Li, Xueyi"]
[Black "Zhao, Shengxin"]
[Result "1-0"]
[WhiteElo "2270"]
[BlackElo "2099"]
[Annotator "NA"]
[PlyCount "129"]
[EventDate "2019.04.09"]
[EventType "team-tourn"]
[EventCountry "CHN"]
[SourceTitle "playchess.com"]
[Source "ChessBase"]
[SourceQuality "1"]
[TimeControl "5400+30"]

1. Nf3 {[%emt 0:00:13]} d5 {[%emt 0:01:26]} 2. d4 {[%emt 0:00:40]} Nf6 {[%emt 0:00:06]} 3. g3 {[%emt 0:00:11]} e6 {[%emt 0:00:38]} 4. c4 {[%emt 0:01:56]} Be7 {[%emt 0:01:03]} 5. Bg2 {[%emt 0:00:58]} O-O {[%emt 0:00:20]} 6. O-O {[%emt 0:00:07]} dxc4 {[%emt 0:00:32]} 7. Qc2 {[%emt 0:00:08]} a6 {[%emt 0:00:44]} 8. a4 {[%emt 0:00:09]} Bd7 {[%emt 0:01:09]} 9. Qxc4 {[%emt 0:02:33]} Bc6 {[%emt 0:00:30]} 10. Bg5 {[%emt 0:00:20]} Bd5 {[%emt 0:01:11]} 11. Qc2 {[%emt 0:04:29]} Be4 {[%emt 0:01:52]} 12. Qd2 {[%emt 0:03:15]} h6 {[%emt 0:02:31]} 13. Bxf6 {[%emt 0:03:32]} Bxf6 {[%emt 0:00:12]} 14. Rd1 {[%emt 0:03:57]} Nd7 {[%emt 0:07:12]} 15. Nc3 {[%emt 0:00:11]} Bxf3 {[%emt 0:00:58]} 16. Bxf3 {[%emt 0:00:22]} c6 {[%emt 0:00:45]} 17. e3 {[%emt 0:02:10]} g6 {[%emt 0:07:03]} 18. Rab1 {[%emt 0:07:16]} Nb6 {[%emt 0:06:23]} 19. b4 {[%emt 0:01:34]} Nd5 {[%emt 0:01:07]} 20. Ne4 {[%emt 0:02:22]} Be7 {[%emt 0:04:18]} 21. Nc5 {[%emt 0:01:08]} b6 {[%emt 0:01:12]} 22. Nd3 {[%emt 0:00:25]} a5 {[%emt 0:18:59]} 23. bxa5 {[%emt 0:07:45]} Rxa5 {[%emt 0:00:35]} 24. Ne5 {[%emt 0:00:56]} Rxa4 {[%emt 0:07:46]} 25. Nxc6 {[%emt 0:01:24]} Qd6 {[%emt 0:00:16]} 26. Bxd5 {[%emt 0:00:19]} exd5 {[%emt 0:00:09]} 27. Nxe7+ {[%emt 0:00:07]} Qxe7 {[%emt 0:00:04]} 28. Rxb6 {[%emt 0:00:07]} Qe4 {[%emt 0:02:00]} 29. Qb2 {[%emt 0:02:00]} Kg7 {[%emt 0:00:17]} 30. Rb4 {[%emt 0:16:10]} Raa8 {[%emt 0:02:52]} 31. Rb7 {[%emt 0:03:54]} Rfc8 {[%emt 0:02:13]} 32. Rf1 {[%emt 0:11:39]} Qf3 {[%emt 0:01:22]} 33. Qb3 {[%emt 0:02:15]} Rc4 {[%emt 0:02:13]} 34. Rb8 {[%emt 0:02:14]} Ra6 {[%emt 0:03:49]} 35. Re8 {[%emt 0:02:06]} Qf6 {[%emt 0:11:15]} 36. Qb8 {[%emt 0:02:15]} Re6 {[%emt 0:00:49]} 37. Rh8 {[%emt 0:00:30]} Qf3 {[%emt 0:01:15]} 38. Qf8+ {[%emt 0:01:15]} Kf6 {[%emt 0:00:04]} 39. Qxh6 {[%emt 0:00:41]} Rc2 {[%emt 0:00:32]} 40. Qh4+ {[%emt 0:01:16]} Kf5 {[%emt 0:02:09]} 41. Rf8 {[%emt 0:00:27]} Rf6 {[%emt 0:00:28]} 42. Re8 {[%emt 0:00:49]} Re6 {[%emt 0:00:09]} 43. Qh3+ {[%emt 0:01:12]} Qg4 {[%emt 0:00:10]} 44. Qh8 {[%emt 0:00:52]} Qe4 {[%emt 0:01:44]} 45. Rxe6 {[%emt 0:01:21]} Qxe6 {[%emt 0:00:07]} 46. Qh3+ {[%emt 0:00:30]} Ke4 {[%emt 0:00:15]} 47. Qxe6+ {[%emt 0:00:24]} fxe6 {[%emt 0:00:03]} 48. Kg2 {[%emt 0:00:05]} g5 {[%emt 0:01:15]} 49. Rb1 {[%emt 0:00:50]} g4 {[%emt 0:00:35]} 50. Rb8 {[%emt 0:00:44]} Kf5 {[%emt 0:00:03]} 51. Rf8+ {[%emt 0:00:08]} Kg5 {[%emt 0:00:03]} 52. h3 {[%emt 0:00:21]} gxh3+ {[%emt 0:00:03]} 53. Kxh3 {[%emt 0:00:05]} Re2 {[%emt 0:00:19]} 54. g4 {[%emt 0:00:20]} Re1 {[%emt 0:00:06]} 55. Rg8+ {[%emt 0:00:44]} Kf6 {[%emt 0:00:06]} 56. Kg3 {[%emt 0:00:21]} Re2 {[%emt 0:00:21]} 57. Rf8+ {[%emt 0:00:34]} Kg6 {[%emt 0:00:14]} 58. Rh8 {[%emt 0:01:08]} Kg7 {[%emt 0:00:12]} 59. Rh5 {[%emt 0:00:12]} Kg6 {[%emt 0:00:04]} 60. Re5 {[%emt 0:00:06]} Kf7 {[%emt 0:00:13]} 61. f4 {[%emt 0:00:47]} Re1 {[%emt 0:00:01]} 62. f5 {[%emt 0:00:30]} Rg1+ {[%emt 0:00:04]} 63. Kf4 {[%emt 0:00:21]} exf5 {[%emt 0:00:11]} 64. Rxf5+ {[%emt 0:00:15]} Ke6 {[%emt 0:00:04]} 65. Re5+ {[%emt 0:00:07]} 1-0

[Event "Chinese Chess League 2019"]
[Site "Shen Yang"]
[Date "2019.12.06"]
[Round "21.20"]
[White "Shuvalova, Polina"]
[Black "Zhou, Zirun"]
[Result "1-0"]
[WhiteElo "2446"]
[BlackElo "2121"]
[Annotator "RC"]
[PlyCount "75"]
[EventDate "2019.04.09"]
[EventType "team-tourn"]
[EventCountry "CHN"]
[SourceTitle "playchess.com"]
[Source "ChessBase"]
[SourceQuality "1"]
[TimeControl "5400+30"]

1. e4 {[%emt 0:00:00]} e5 {[%emt 0:00:00]} 2. Nf3 {[%emt 0:00:00]} Nc6 {[%emt 0:00:00]} 3. Bb5 {[%emt 0:00:00]} a6 {[%emt 0:00:00]} 4. Ba4 {[%emt 0:00:00]} Nf6 {[%emt 0:00:10]} 5. O-O {[%emt 0:00:00]} b5 {[%emt 0:00:06]} 6. Bb3 {[%emt 0:00:02]} Bc5 {[%emt 0:00:10]} 7. a4 {[%emt 0:00:28]} Rb8 {[%emt 0:00:12]} 8. c3 {[%emt 0:00:04]} d6 {[%emt 0:00:07]} 9. d4 {[%emt 0:00:10]} Bb6 {[%emt 0:00:08]} 10. a5 {[%emt 0:00:09]} Ba7 {[%emt 0:00:05]} 11. h3 {[%emt 0:00:06]} O-O {[%emt 0:00:09]} 12. Be3 {[%emt 0:01:08]} Ra8 {[%emt 0:00:19]} 13. Re1 {[%emt 0:01:33]} h6 {[%emt 0:07:16]} 14. Nbd2 {[%emt 0:00:13]} exd4 {[%emt 0:00:51]} 15. cxd4 {[%emt 0:00:04]} Nb4 {[%emt 0:00:16]} 16. e5 {[%emt 0:00:04]} dxe5 {[%emt 0:00:54]} 17. Nxe5 {[%emt 0:01:49]} Bb7 {[%emt 0:03:59]} 18. Ndf3 {[%emt 0:07:11]} Bd5 {[%emt 0:02:52]} 19. Rc1 {[%emt 0:05:16]} Qd6 {[%emt 0:06:51]} 20. Nh4 {[%emt 0:16:33]} Bxb3 {[%emt 0:05:31]} 21. Qxb3 {[%emt 0:00:12]} Nfd5 {[%emt 0:00:41]} 22. Bd2 {[%emt 0:04:37]} Rfd8 {[%emt 0:07:54]} 23. Nf5 {[%emt 0:02:18]} Qf6 {[%emt 0:02:58]} 24. g4 {[%emt 0:08:23]} c5 {[%emt 0:10:33]} 25. dxc5 {[%emt 0:04:33]} Nc6 {[%emt 0:01:29]} 26. Nxc6 {[%emt 0:01:42]} Qxc6 {[%emt 0:00:16]} 27. Qxd5 {[%emt 0:01:03]} Qxd5 {[%emt 0:00:40]} 28. Ne7+ {[%emt 0:02:05]} Kf8 {[%emt 0:00:53]} 29. Nxd5 {[%emt 0:00:06]} Rxd5 {[%emt 0:00:06]} 30. Be3 {[%emt 0:04:29]} b4 {[%emt 0:01:51]} 31. Rc4 {[%emt 0:07:29]} Re8 {[%emt 0:04:44]} 32. Kg2 {[%emt 0:01:52]} f6 {[%emt 0:06:14]} 33. Rec1 {[%emt 0:05:39]} Rb8 {[%emt 0:05:59]} 34. Bf4 {[%emt 0:00:31]} Rc8 {[%emt 0:00:18]} 35. b3 {[%emt 0:03:28]} Kf7 {[%emt 0:00:36]} 36. Rxb4 {[%emt 0:01:19]} Kg6 {[%emt 0:02:44]} 37. Rb7 {[%emt 0:02:29]} Rdxc5 {[%emt 0:01:38]} 38. Rd1 {[%emt 0:00:28]} 1-0

[Event "Chinese Chess League 2019"]
[Site "Shen Yang"]
[Date "2019.12.06"]
[Round "21.21"]
[White "Yu, Yangyi"]
[Black "Ganguly, Surya Shekhar"]
[Result "1/2-1/2"]
[WhiteElo "2753"]
[BlackElo "2644"]
[Annotator "TA"]
[PlyCount "69"]
[EventDate "2019.04.09"]
[EventType "team-tourn"]
[EventCountry "CHN"]
[SourceTitle "playchess.com"]
[Source "ChessBase"]
[SourceQuality "1"]

{[%evp 9,69,0,0,4,12,0,25,4,4,4,4,0,0,0,0,3,2,0,0,-6,0,-13,0,0,0,0,6,11,13,10,8,0,18,3,18,17,17,3,17,17,19,24,16,26,24,1,18,18,99,82,107,51,51,15,15,15,8,0,6,6,15,0]} 1. c4 Nf6 2. Nc3 e6 3. Nf3 d5 4. e3 b6 5. b3 (5. Qa4+ c6 6. Be2 Bd6 7. d3 O-O 8. e4 dxe4 9. dxe4 Qc7 10. c5 bxc5 11. O-O Nbd7 12. g3 Ne5 {0-1 (34) Firouzja,A (2702)-Ding,L (2811) Khanty-Mansiysk 2019}) 5... Bb7 6. Bb2 {A17: English Opening: 1...Nf6 with ...Bb4} Nbd7 $146 ({Predecessor:} 6... a6 7. cxd5 exd5 8. d4 Bd6 9. g3 O-O 10. Bg2 Nbd7 11. O-O Re8 {1-0 (41) Salem,A (2608)-Osmanodja,F (2318) Warsaw 2016}) 7. Rc1 a6 8. cxd5 {White has an edge.} exd5 9. d4 Bd6 10. g3 O-O 11. Bg2 Re8 12. O-O Ne4 13. Rc2 Qe7 14. Qc1 Rac8 15. Rd1 h6 16. Nxe4 dxe4 17. Ne5 Nxe5 18. dxe5 Bxe5 19. Bxe5 Qxe5 20. Rd7 Red8 21. Bh3 Rxd7 22. Bxd7 Rd8 23. Rxc7 Bd5 24. Rc8 $36 {[%mdl 2048] White has the initiative.} Qe7 $1 {[%cal Re7d7]} 25. Qc7 Rxc8 26. Qxc8+ {[%mdl 64] [#] Double Attack} Kh7 27. Bh3 {aiming for Qf5+.} Bb7 28. Qb8 a5 (28... g6 $11 {remains equal.}) 29. Bf1 Qd7 30. h4 (30. Qa7 $16) 30... b5 $14 31. a3 Bc6 {The position is equal.} 32. Qb6 Qd5 33. b4 axb4 34. axb4 Bd7 35. Qd4 {Accuracy: White = 62%, Black = 46%.} 1/2-1/2

[Event "Chinese Chess League 2019"]
[Site "Shen Yang"]
[Date "2019.12.06"]
[Round "21.22"]
[White "Wang, Yiye"]
[Black "Chen, Qi b"]
[Result "1/2-1/2"]
[WhiteElo "2439"]
[BlackElo "2436"]
[Annotator "RC"]
[PlyCount "50"]
[EventDate "2019.04.09"]
[EventType "team-tourn"]
[EventCountry "CHN"]
[SourceTitle "playchess.com"]
[Source "ChessBase"]
[SourceQuality "1"]
[TimeControl "5400+30"]

1. c4 {[%emt 0:00:00]} Nf6 {[%emt 0:00:00]} 2. Nc3 {[%emt 0:01:04]} e6 {[%emt 0:02:35]} 3. d4 {[%emt 0:02:30]} Bb4 {[%emt 0:02:09]} 4. f3 {[%emt 0:01:32]} d5 {[%emt 0:02:16]} 5. a3 {[%emt 0:00:14]} Bxc3+ {[%emt 0:00:52]} 6. bxc3 {[%emt 0:00:07]} c5 {[%emt 0:00:24]} 7. cxd5 {[%emt 0:03:22]} Nxd5 {[%emt 0:00:24]} 8. dxc5 {[%emt 0:03:46]} f5 {[%emt 0:00:23]} 9. c4 {[%emt 0:06:20]} Qf6 {[%emt 0:06:46]} 10. Bg5 {[%emt 0:04:35]} Qxg5 {[%emt 0:00:50]} 11. cxd5 {[%emt 0:00:11]} exd5 {[%emt 0:04:37]} 12. Qxd5 {[%emt 0:08:24]} Nc6 {[%emt 0:01:46]} 13. Rd1 {[%emt 0:07:41]} Qe3 {[%emt 0:09:23]} 14. Rd3 {[%emt 0:03:48]} Qh6 {[%emt 0:03:33]} 15. Qb3 {[%emt 0:19:03]} Be6 {[%emt 0:09:30]} 16. Qxb7 {[%emt 0:13:39]} Qc1+ {[%emt 0:01:04]} 17. Rd1 {[%emt 0:02:49]} Qc3+ {[%emt 0:00:19]} 18. Kf2 {[%emt 0:00:33]} Qxc5+ {[%emt 0:00:19]} 19. e3 {[%emt 0:00:29]} O-O {[%emt 0:01:05]} 20. Qb5 {[%emt 0:03:27]} Qc2+ {[%emt 0:02:38]} 21. Qe2 {[%emt 0:03:10]} Qc5 {[%emt 0:03:06]} 22. Qb5 {[%emt 0:04:03]} Qc2+ {[%emt 0:05:34]} 23. Qe2 {[%emt 0:03:34]} Qc5 {[%emt 0:07:47]} 24. Qb5 {[%emt 0:03:29]} Qc2+ {[%emt 0:00:09]} 25. Qe2 {[%emt 0:00:35]} Qc5 {[%emt 0:00:06]} 1/2-1/2

[Event "Chinese Chess League 2019"]
[Site "Shen Yang"]
[Date "2019.12.06"]
[Round "21.23"]
[White "Li, Chao b"]
[Black "Wei, Yi"]
[Result "1/2-1/2"]
[WhiteElo "2687"]
[BlackElo "2724"]
[Annotator "TA"]
[PlyCount "72"]
[EventDate "2019.04.09"]
[EventType "team-tourn"]
[EventCountry "CHN"]
[SourceTitle "playchess.com"]
[Source "ChessBase"]
[SourceQuality "1"]

{[%evp 18,72,23,20,30,21,32,0,0,0,0,0,1,0,10,0,0,-17,-17,-15,-32,-45,-27,-40,-8,-8,0,0,12,8,34,0,0,0,0,-34,-10,-15,-14,-13,-4,-6,0,-15,-14,-18,-12,-13,-8,-8,0,0,0,-16,0,0,0]} 1. e4 e5 2. Nf3 Nc6 3. Bb5 Nf6 4. O-O Nxe4 5. d4 Nd6 6. Bxc6 dxc6 7. dxe5 Nf5 8. Qxd8+ Kxd8 9. Rd1+ Ke8 10. Nc3 h5 {C67: Ruy Lopez: Berlin Defence: 4 0-0 Nxe4} 11. h3 Be7 12. Ne2 Nh4 13. Nxh4 Bxh4 14. Be3 (14. Bf4 Be7 15. Nd4 c5 16. Nb5 Bd8 17. Bg5 Bd7 18. Bxd8 Kxd8 19. Rd2 Kc8 {1-0 (49) Duda,J (2730)-Giri,A (2780) chess.com INT 2019}) 14... Be7 15. Rd2 h4 16. Rad1 Rh5 17. f4 f6 18. exf6 gxf6 19. Nd4 $146 ({Predecessor:} 19. Kf2 Kf7 {1-0 (106) De Oliveira,D (2036)-Bascetta,B (2053) IECC email 2009}) 19... Kf7 20. c4 Bc5 21. b3 Be6 22. Bf2 Bxd4 23. Rxd4 a5 24. Rd8 Rxd8 25. Rxd8 $11 {[%mdl 4096] Endgame KRB-KRB} b6 26. Kf1 a4 27. Ke2 {The position is equal.} axb3 28. axb3 Ke7 29. Rd4 c5 30. Rd2 Rh8 31. Kf3 Bf5 32. Be1 Kf7 33. Re2 Bd3 34. Rd2 Bf5 35. Re2 Bd3 36. Rd2 Bf5 {Accuracy: White = 42%, Black = 40%.} 1/2-1/2

[Event "Chinese Chess League 2019"]
[Site "Shen Yang"]
[Date "2019.12.06"]
[Round "21.24"]
[White "Shen, Yang"]
[Black "Wang, Yu A."]
[Result "1/2-1/2"]
[WhiteElo "2410"]
[BlackElo "2275"]
[Annotator "TA RC"]
[PlyCount "101"]
[EventDate "2019.04.09"]
[EventType "team-tourn"]
[EventCountry "CHN"]
[SourceTitle "playchess.com"]
[Source "ChessBase"]
[SourceQuality "1"]

{[%evp 22,101,10,1,15,0,3,0,17,6,20,12,18,16,28,7,111,89,69,33,91,64,83,50,78,58,257,237,267,111,143,0,238,252,359,351,434,413,411,420,420,365,382,290,300,305,400,387,407,410,489,476,545,535,670,666,737,716,720,651,804,735,900,897,940,941,1860,3086,2569,2284,29965,29968,29966,29969,29966,29967,29966,29967,6219,5527,4134,4133]} 1. d4 Nf6 2. c4 e6 3. Nf3 d5 4. Nc3 Nbd7 5. cxd5 exd5 6. Bg5 c6 7. e3 Be7 8. Qc2 Nh5 9. Bxe7 Qxe7 10. h3 g6 11. O-O-O Nb6 12. Bd3 Be6 {D36: Queen's Gambit Declined: Exchange Variation: Main line (5 Bg5 c6 6 Qc2)} (12... Ng7 13. g4 Be6 14. Kb1 O-O-O 15. Na4 Ne8 16. Rc1 Nd6 17. Nc5 Kb8 18. Ne5 Bc8 19. Rhe1 f6 20. Nf3 {½-½ (40) Li,C (2741)-Hammer,J (2629) Palma de Mallorca 2017}) 13. Kb1 O-O-O 14. Na4 Kb8 {The position is equal.} 15. Rc1 Rhe8 $146 ({Predecessor:} 15... Ng7 16. Nc5 Bf5 17. Bxf5 Nxf5 18. Ne5 Rc8 19. a4 f6 20. Ned3 {0-1 (55) Badelka,O (2385)-Buksa,N (2410) St Petersburg 2018}) 16. Nc5 Rc8 17. Qb3 Ka8 18. a4 {[%cal Ba2a4,Ba4a5,Ba5a6][%mdl 32]} Qc7 (18... Nf6 $11 {keeps the balance.}) 19. a5 $16 Nd7 20. Nxd7 Qxd7 (20... Bxd7 $14 21. a6 bxa6) 21. a6 $36 {[%mdl 2048] Black is under pressure.} b6 22. Ne5 Qd6 23. Qa4 {[%cal Rc1c6]} (23. g4 $5 {[%cal Rg4h5]} Nf6 24. Qa4 $16) 23... b5 $2 {[#]} (23... c5 $14) 24. Qa3 Red8 25. Qa5 (25. Qc5 $18 {and White stays clearly on top.}) 25... Rf8 26. Qa3 (26. g4 $16 Nf6 27. Qa3 Qxa3 28. bxa3) 26... b4 $2 (26... Rfd8 $1 $11 {and Black stays safe.}) 27. Qa4 $18 Bd7 (27... Nf6 $142 28. Rc5 (28. Rxc6 Rxc6 29. Nxc6 Bd7 $18) (28. Nxc6 Bd7 $18) 28... Rc7) 28. Rc5 Ng7 29. Nxd7 Qxd7 30. Rhc1 Ne6 31. Rxc6 Rxc6 32. Qxc6+ Qxc6 33. Rxc6 {[%mdl 4096] Endgame KRB-KRN} Kb8 34. Ka2 Re8 35. Kb3 f5 36. Rd6 f4 37. Rxd5 fxe3 38. fxe3 Nc7 39. Rd6 Kc8 40. e4 Rf8 41. Be2 Re8 42. e5 h5 43. Bd3 Re6 44. Bxg6 {[#] White threatens Bf5! and mate.} Rxd6 45. exd6 Nxa6 46. Bxh5 {KB-KN} Kd7 47. Be2 Nb8 48. Bb5+ Kxd6 49. Kxb4 Kd5 50. Kc3 a6 51. Ba4 {Accuracy: White = 62%, Black = 27%.} 1/2-1/2

[Event "Chinese Chess League 2019"]
[Site "Shen Yang"]
[Date "2019.12.06"]
[Round "21.25"]
[White "Guo, Qi"]
[Black "Song, Yuxin"]
[Result "1/2-1/2"]
[WhiteElo "2403"]
[BlackElo "2284"]
[Annotator "RC"]
[PlyCount "60"]
[EventDate "2019.04.09"]
[EventType "team-tourn"]
[EventCountry "CHN"]
[SourceTitle "playchess.com"]
[Source "ChessBase"]
[SourceQuality "1"]
[TimeControl "5400+30"]

1. d4 {[%emt 0:00:00]} d5 {[%emt 0:00:00]} 2. Nf3 {[%emt 0:00:32]} Bf5 {[%emt 0:00:00]} 3. c4 {[%emt 0:01:03]} e6 {[%emt 0:00:58]} 4. Nc3 {[%emt 0:00:30]} Nc6 {[%emt 0:03:01]} 5. a3 {[%emt 0:01:16]} Nf6 {[%emt 0:09:07]} 6. e3 {[%emt 0:05:26]} Be7 {[%emt 0:00:00]} 7. b4 {[%emt 0:00:31]} O-O {[%emt 0:01:33]} 8. Bb2 {[%emt 0:00:26]} Ne4 {[%emt 0:07:06]} 9. Be2 {[%emt 0:04:36]} a5 {[%emt 0:05:22]} 10. b5 {[%emt 0:00:00]} Nb8 {[%emt 0:03:14]} 11. O-O {[%emt 0:01:15]} dxc4 {[%emt 0:04:30]} 12. Bxc4 {[%emt 0:02:31]} c6 {[%emt 0:03:23]} 13. Qb3 {[%emt 0:12:02]} Nd7 {[%emt 0:05:50]} 14. Rfd1 {[%emt 0:03:59]} Nb6 {[%emt 0:12:14]} 15. Ne5 {[%emt 0:05:37]} a4 {[%emt 0:04:58]} 16. Qa2 {[%emt 0:00:27]} Nxc3 {[%emt 0:02:18]} 17. Bxc3 {[%emt 0:01:00]} cxb5 {[%emt 0:00:01]} 18. Bxb5 {[%emt 0:00:47]} Qd5 {[%emt 0:00:14]} 19. Qb2 {[%emt 0:07:39]} Qb3 {[%emt 0:02:41]} 20. g4 {[%emt 0:02:33]} Qxb2 {[%emt 0:04:11]} 21. Bxb2 {[%emt 0:00:13]} Bc2 {[%emt 0:00:09]} 22. Rdc1 {[%emt 0:03:51]} Rfc8 {[%emt 0:00:25]} 23. Nc4 {[%emt 0:02:23]} Nxc4 {[%emt 0:01:16]} 24. Rxc2 {[%emt 0:00:05]} Nxb2 {[%emt 0:00:14]} 25. Rxb2 {[%emt 0:00:38]} Rc3 {[%emt 0:00:07]} 26. Bd7 {[%emt 0:00:36]} Rxa3 {[%emt 0:03:52]} 27. Rxa3 {[%emt 0:00:12]} Bxa3 {[%emt 0:00:02]} 28. Ra2 {[%emt 0:00:16]} Bd6 {[%emt 0:00:31]} 29. Rxa4 {[%emt 0:00:08]} Rxa4 {[%emt 0:00:07]} 30. Bxa4 {[%emt 0:00:05]} Kf8 {[%emt 0:00:16]} 1/2-1/2